Villes des Hautes-Pyrénées en images - Statistiques

Statistiques générales
  • Ce quiz a été pris 141 fois
    136 depuis la dernière actualisation
  • Le résultat moyen est 8 sur 18
Statistiques - réponses
Par images Hint Réponse % Correct
L Lourdes
100%
T Tarbes
98%
B Bagnères-de-Bigorre
81%
L Lannemezan
63%
A Argelès-Gazost
61%
O Ossun
53%
S Saint-Lary-Soulan
53%
V Vic-en-Bigorre
48%
A Arreau
40%
C Campan
39%
C Cauterets
34%
L Laloubère
29%
A Aureilhan
25%
M Maubourguet
23%
S Séméac
19%
T Trie-sur-Baïse
19%
C Capvern
10%
S Saint-Pé-de-Bigorre
7%
Aucun quiz correspondant
Distribution des résultats
% des personnes avec chaque résultat
Percentile par nombre de réponses
Votre historique - résultats
Vous n’avez pas pris ce quiz depuis la dernière actualisation